Les 138 Classiques Disney - Statistiques

Statistiques générales
  • Ce quiz a été pris 255 fois
  • Le résultat moyen est 68 sur 138
Statistiques - réponses
Hint Réponse % Correct
1937 Blanche Neige et les Sept Nains
97%
1950 Cendrillon
96%
1991 La Belle et la Bête
93%
2013 La Reine des Neiges
92%
2010 Raiponce
88%
1992 Aladdin
83%
1959 La Belle au Bois Dormant
83%
1989 La Petite Sirène
81%
1994 Le Roi Lion
81%
1995 Toy Story
81%
1995 Pocahontas, une Légende Indienne
77%
1955 La Belle et le Clochard
76%
2019 La Reine des Neiges 2
76%
2016 Vaiana, la Légende du Bout du Monde
76%
1998 Mulan
75%
1953 Peter Pan
75%
1999 Toy Story 2
75%
2010 Toy Story 3
75%
1942 Bambi
74%
1967 Le Livre de la Jungle
74%
1940 Pinocchio
73%
1961 Les 101 Dalmatiens
72%
2006 Cars
71%
1977 Les Aventures de Bernard et Bianca
71%
2019 Toy Story 4
71%
2009 La Princesse et la Grenouille
69%
1941 Dumbo
68%
2017 Coco
66%
1940 Fantasia
66%
1970 Les Aristochats
66%
1997 Hercule
65%
1998 Le Roi Lion 2: l'Honneur de la Tribu
65%
2015 Vice-Versa
65%
2016 Zootopie
64%
2021 Encanto: la Fantastique Famille Madrigal
63%
2012 Rebelle
63%
2011 Cars 2
62%
1999 Tarzan
61%
2003 Le Monde de Nemo
60%
1981 Rox et Rouky
60%
2011 Winnie l'Ourson
60%
1994 Aladdin 2: le Retour de Jafar
59%
1951 Alice au Pays des Merveilles
58%
2017 Cars 3
58%
2024 Vaiana 2
58%
2002 Cendrillon 2: une Vie de Princesse
57%
2009 Là-Haut
57%
2000 La Petite Sirène 2: Retour à l'Océan
57%
2004 Le Roi Lion 3: Hakuna Matata
57%
1996 Le Bossu de Notre-Dame
56%
2004 Mulan 2: la Mission de l'Empereur
56%
1998 Pocahontas 2: un Monde Nouveau
56%
2024 Vice-Versa 2
55%
2025 Zootopie 2
55%
2002 Lilo & Stitch
54%
1963 Merlin l'Enchanteur
53%
2007 Ratatouille
52%
1997 La Belle et la Bête 2: le Noël Enchanté
51%
1973 Robin des Bois
51%
1985 Taram et le Chaudron Magique
51%
1990 Bernard et Bianca au Pays des Kangourous
50%
2016 Le Monde de Dory
50%
2004 Les Indestructibles
50%
2006 Bambi 2
49%
2000 Kuzco, l'Empereur Mégalo
48%
2003 Le Livre de la Jungle 2
48%
2002 Peter Pan 2: Retour au Pays Imaginaire
48%
1996 Aladdin et le Roi des Voleurs
47%
2001 Atlantide, l'Empire Perdu
47%
2003 Frère des Ours
46%
2008 La Fée Clochette
46%
2021 Luca
46%
2020 Soul
46%
2005 Tarzan 2: l'Enfance d'un Héros
46%
2018 Les Indestructibles 2
45%
2012 Les Mondes de Ralph
44%
2007 Le Sortilège de Cendrillon
44%
2008 Volt, Star Malgré Lui
44%
2008 Wall-E
44%
1998 1001 Pattes
42%
2001 La Belle et le Clochard 2: l'Appel de la Rue
42%
2003 Les 101 Dalmatiens 2: sur la Trace des Héros
42%
1964 Mary Poppins
42%
2018 Ralph 2.0
42%
1999 Fantasia 2000
40%
2005 Lilo & Stitch 2: Hawaii, nous avons un problème!
40%
2013 Planes
40%
2008 Le Secret de la Petite Sirène
39%
1988 Oliver et Compagnie
39%
2000 Dinosaure
38%
1944 Les Trois Caballeros
38%
2022 Alerte Rouge
37%
2006 Frère des Ours 2
37%
2002 La Planète au Trésor, un Nouvel Univers
37%
2004 La Ferme se Rebelle
36%
2002 Le Bossu de Notre-Dame 2: le Secret de Quasimodo
36%
2015 Le Voyage d'Arlo
36%
2001 Monstres & Cie
36%
2006 Rox et Rouky 2
36%
2023 Wish: Asha et la Bonne Etoile
36%
1997 Winnie l'Ourson 2
34%
1986 Basil, Détective Privé
33%
2005 Chicken Little
33%
2014 Les Nouveaux Héros
33%
2013 Monstres Academy
32%
2014 Planes 2
32%
2021 Raya et le Dernier Dragon
32%
2022 Buzz l'Eclair
30%
2020 En Avant
30%
1946 La Boîte à Musique
30%
1995 Dingo et Max
29%
2005 Kuzco 2: King Kronk
29%
1942 Saludos Amigos
29%
2023 Elémentaire
28%
1948 Mélodie Cocktail
28%
2022 Avalonia: l'Etrange Voyage
27%
2007 Bienvenue chez les Robinson
27%
2000 Les Aventures de Tigrou
27%
2000 Dingo et Max 2: les Sportifs de l'Extrême
26%
2005 Les aventures de Petit Gourou
26%
2003 Les Aventures de Porcinet
26%
1946 Mélodie du Sud
26%
1947 Coquin de Printemps
25%
2025 Elio
25%
1990 La Bande à Picsou: le Trésor de la Lampe Perdue
25%
1949 Le Crapaud et le Maître d'Ecole
25%
1948 Danny, le Petit Mouton Noir
24%
1977 Les Aventures de Winnie l'Ourson
24%
1977 Peter et Elliott le Dragon
24%
2009 Clochette et la Pierre de Lune
23%
1971 L'Apprentie Sorcière
21%
2014 Clochette et la Créature Légendaire
20%
2006 The Wild
20%
2005 Winnie l'Ourson et l'Efelant
20%
2012 Clochette et le Secret des Fées
19%
2014 Clochette et la Fée Pirate
18%
2010 Clochette et l'Expédition Féerique
17%
2004 Mickey, Donald, Dingo: les Trois Mousquetaires
17%
Aucun quiz correspondant
Distribution des résultats
% des personnes avec chaque résultat
Percentile par nombre de réponses
Votre historique - résultats
Vous n’avez pas pris ce quiz